000
00238 a2200097 4500
001
54141
100
_a
Sharif Qazi,R.Muhammad
245
_a
Kalam-e-Rehman,Bible Ya Quran?
260
_a
Lahore
_b
Ferozsons Ltd
_c
2001
090
_c
33752
_d
33752
942
_a
NUST-CAE
_c
M
_c
26394
999
_c
289214
_d
289214